University Home | Library Home | Institutional Repository

Modern law of real property. (Record no. 8480)

MARC details
000 -LEADER
fixed length control field 00745cam3a220024100 4500
001 - CONTROL NUMBER
control field zam00003196
008 - FIXED-LENGTH DATA ELEMENTS--GENERAL INFORMATION
fixed length control field 951128s1983 xx eng u
035 ## - SYSTEM CONTROL NUMBER
System control number (Sirsi) r20530
035 ## - SYSTEM CONTROL NUMBER
System control number (MACHINE)SLC.
100 ## - MAIN ENTRY--PERSONAL NAME
Personal name Cheshire, G.
Linkage A81916.1
245 10 - TITLE STATEMENT
Title Modern law of real property.
260 ## - PUBLICATION, DISTRIBUTION, ETC.
Date of publication, distribution, etc. 1983.
591 ## -
-- Class code: L 320.
591 ## -
-- Course: Property law and succession.
591 ## -
-- School: S06.
591 ## -
-- Lecturer: Dr. HANSUNGULE, K.M.
591 ## -
-- Number of Students: 50.
949 ## - LOCAL PROCESSING INFORMATION (OCLC)
a KD167
w lcc
i 33729001474662
m MAIN
p 2500
t SHORTLOAN
l SHORTLOAN
949 ## - LOCAL PROCESSING INFORMATION (OCLC)
a KD167
w lcc
i 33729001483507
m MAIN
p 2500
t SHORTLOAN
l SHORTLOAN
900 ## - EQUIVALENCE OR CROSS-REFERENCE-PERSONAL NAME [LOCAL, CANADA]
-- MAIN
Field link and sequence number KD167
-- CHE
Titles and other words associated with a name 2
909 ## -
-- Book
Holdings
Withdrawn status Lost status Source of classification or shelving scheme Damaged status Not for loan Home library Current library Shelving location Total Checkouts Full call number Barcode Date last seen Copy number Price effective from Koha item type
    Library of Congress Classification     Main Library Main Library Academic reserves/Short loan   KD167 33729001474662 08/12/2019 1 08/12/2019 Short Loan material
    Library of Congress Classification     Main Library Main Library Academic reserves/Short loan   KD167 33729001483507 08/12/2019 2 08/12/2019 Short Loan material
© 2026 - The University of Zambia Library - Koha v25.11